| 000 | 00774nam a2200217Ia 4500 | ||
|---|---|---|---|
| 999 |
_c37790 _d37790 |
||
| 001 | 3767 | ||
| 003 | GE_BSU | ||
| 005 | 20190812172011.0 | ||
| 008 | 181216s2002||||ge |||||||||||||| ||geo|| | ||
| 020 | _a9992843462 | ||
| 040 | _cGE_BSU | ||
| 041 | _ageo | ||
| 080 | _a008 შ–15 | ||
| 100 |
_aშავაძე, მამია. _93523 |
||
| 245 |
_aესეისური ნარკვევები / _cრედ. ომარ მეგრელიშვილი. |
||
| 264 |
_aბათუმი : _bალიონი, _c2002. |
||
| 300 |
_a63 გვ.; _b20 სმ. |
||
| 653 | _aესეისური ნარკვევები. | ||
| 700 |
_aმეგრელიშვილი, ომარ _eრედაქტორი _93524 |
||
| 942 |
_cBK _2udc |
||